[Event "Wijk aan Zee I"]
[Site "Wijk aan Zee I"]
[Date "1994.??.??"]
[Round "1"]
[White "Morovic Fernandez, Ivan"]
[Black "Hansen, Curt"]
[Result "0-1"]
[WhiteElo "2605"]
[BlackElo "2580"]
[PlyCount "62"]

1. e4 d5 2. exd5 Qxd5 3. Nc3 Qa5 4. d4 Nf6 5. Nf3 Bf5 6. Ne5 c6 7. Bc4 e6 8.
O-O Nbd7 9. f4 Rd8 10. Qe2 Be7 11. Bb3 h5 12. Kh1 a6 13. Bd2 Qc7 14. Rae1 Nb6
15. Be3 Nbd5 16. Bg1 Nxc3 17. bxc3 O-O 18. c4 c5 19. c3 g6 20. Qf3 Kg7 21. dxc5
Bxc5 22. Bxc5 Qxc5 23. Qxb7 Ng4 24. Nxg4 hxg4 25. Qb4 Qc6 26. Ba4 Qc7 27. c5
Rd5 28. Re5 Rb8 29. Qa3 Rxe5 30. fxe5 Qxe5 31. Qc1 Rb1 0-1

[Event "Wijk aan Zee I"]
[Site "Wijk aan Zee I"]
[Date "1994.??.??"]
[Round "1"]
[White "Van Wely, Loek"]
[Black "Sokolov, Ivan"]
[Result "0-1"]
[WhiteElo "2570"]
[BlackElo "2650"]
[PlyCount "90"]

1. d4 Nf6 2. c4 e6 3. Nf3 c5 4. d5 b5 5. Bg5 Qa5+ 6. Nc3 Ne4 7. Bd2 Nxd2 8.
Qxd2 b4 9. Ne4 Be7 10. e3 O-O 11. d6 Bd8 12. Bd3 Bb7 13. O-O f5 14. Ng3 Qb6 15.
Bc2 Bf6 16. e4 Bxb2 17. Rab1 Bc3 18. Qd3 g6 19. exf5 exf5 20. Nh4 Kh8 21. Rfe1
Nc6 22. Ngxf5 gxf5 23. Nxf5 Rg8 24. Ne3 Rg7 25. Nd5 Qa6 26. Nc7 Rxg2+ 27. Kh1
Rg7 28. Nxa6 Ne5+ 29. Qe4 Bxe4+ 30. Rxe4 Rf8 31. Rf1 Ng4 32. Nxc5 Nxf2+ 33.
Rxf2 Rxf2 34. Re8+ Rg8 35. Rxg8+ Kxg8 36. Bb3 Rf7 37. Kg2 Kf8 38. Ne4 Ke8 39.
c5 Rf5 40. Ba4 Kd8 41. c6 Ra5 42. c7+ Kc8 43. Bb3 Ra6 44. Bd5 Rb6 45. Bg8 h6
0-1

[Event "Wijk aan Zee I"]
[Site "Wijk aan Zee I"]
[Date "1994.??.??"]
[Round "2"]
[White "Leko, Peter"]
[Black "Van Wely, Loek"]
[Result "1/2-1/2"]
[WhiteElo "2545"]
[BlackElo "2570"]
[PlyCount "112"]

1. e4 c5 2. Nf3 d6 3. d4 cxd4 4. Nxd4 Nf6 5. Nc3 a6 6. Be3 e6 7. f3 Nc6 8. g4
Be7 9. Qd2 O-O 10. O-O-O Nxd4 11. Bxd4 b5 12. h4 Rb8 13. g5 Nd7 14. Kb1 b4 15.
Ne2 Ne5 16. Bg2 Nc4 17. Qd3 Qc7 18. b3 Na3+ 19. Kb2 Bd7 20. c4 d5 21. cxd5 Bb5
22. Qd2 Bxe2 23. Qxe2 Bc5 24. Bxc5 Qxc5 25. Qd2 exd5 26. exd5 Rfe8 27. Rhe1
Rbc8 28. Rxe8+ Rxe8 29. Bf1 g6 30. d6 Rd8 31. Bc4 Nxc4+ 32. bxc4 Qxc4 33. d7 a5
34. Qe3 Qc7 35. Qe7 a4 36. Qxb4 Rxd7 37. Rxd7 Qxd7 38. Qb8+ Kg7 39. Qe5+ Kg8
40. Qb8+ Kg7 41. Qe5+ Kg8 42. f4 Qh3 43. Qe8+ Kg7 44. Qxa4 Qh2+ 45. Kc1 Qxh4
46. Qd4+ Kg8 47. a4 h5 48. gxh6 Qxh6 49. a5 Qh1+ 50. Kb2 Qf1 51. Ka3 Qb5 52.
Qb6 Qd3+ 53. Qb3 Qd6+ 54. Qb4 Qd3+ 55. Qb3 Qd6+ 56. Qb4 Qd3+ 1/2-1/2

[Event "Wijk aan Zee I"]
[Site "Wijk aan Zee I"]
[Date "1994.??.??"]
[Round "3"]
[White "Van Wely, Loek"]
[Black "Piket, Jeroen"]
[Result "0-1"]
[WhiteElo "2570"]
[BlackElo "2605"]
[PlyCount "68"]

1. d4 d5 2. c4 c6 3. Nf3 Nf6 4. Nc3 e6 5. Bg5 dxc4 6. e4 b5 7. e5 h6 8. Bh4 g5
9. Nxg5 hxg5 10. Bxg5 Nbd7 11. g3 Bb7 12. Bg2 Qb6 13. exf6 O-O-O 14. O-O c5 15.
d5 b4 16. Na4 Qb5 17. a3 exd5 18. axb4 cxb4 19. Re1 d4 20. Qxd4 Bxg2 21. Kxg2
Qxg5 22. Qxc4+ Kb8 23. Red1 Rc8 24. Qa6 Qf5 25. Nb6 Rxh2+ 26. Kxh2 Qxf2+ 27.
Kh3 Qf5+ 28. g4 Qf3+ 29. Kh4 Qf2+ 30. Kh3 Qe3+ 31. Kh4 Qh6+ 32. Kg3 Bd6+ 33.
Rxd6 Qe3+ 34. Kh4 Rh8# 0-1

[Event "Wijk aan Zee I"]
[Site "Wijk aan Zee I"]
[Date "1994.??.??"]
[Round "3"]
[White "Van der Wiel, John"]
[Black "Leko, Peter"]
[Result "1/2-1/2"]
[WhiteElo "2570"]
[BlackElo "2545"]
[PlyCount "51"]

1. e4 c5 2. Nf3 d6 3. d4 cxd4 4. Nxd4 Nf6 5. Nc3 Nc6 6. Bg5 e6 7. Qd2 Be7 8.
O-O-O Nxd4 9. Qxd4 O-O 10. e5 dxe5 11. Qxe5 Bd7 12. Bb5 Qe8 13. Bxd7 Nxd7 14.
Qg3 Bxg5+ 15. Qxg5 Nf6 16. Rd3 h6 17. Qe5 Qb8 18. Re1 Qxe5 19. Rxe5 Rfd8 20.
Kd2 Kf8 21. Rb5 Rxd3+ 22. Kxd3 Rd8+ 23. Ke2 Rd7 24. a4 Ke7 25. Rc5 Ne8 26. g4
1/2-1/2

[Event "Wijk aan Zee I"]
[Site "Wijk aan Zee I"]
[Date "1994.??.??"]
[Round "5"]
[White "Van der Wiel, John"]
[Black "Morovic Fernandez, Ivan"]
[Result "1/2-1/2"]
[WhiteElo "2570"]
[BlackElo "2605"]
[PlyCount "93"]

1. e4 e5 2. Nf3 Nc6 3. Bb5 a6 4. Bxc6 dxc6 5. O-O f6 6. d4 exd4 7. Nxd4 c5 8.
Ne2 Qxd1 9. Rxd1 Bd7 10. Be3 O-O-O 11. Nbc3 Re8 12. Rd2 Bc6 13. Rad1 b6 14. h4
Ne7 15. h5 f5 16. e5 Bb7 17. Bg5 Nc6 18. Ng3 Nd4 19. Nce2 Ne6 20. Bh4 g5 21.
hxg6 hxg6 22. Bf6 Rg8 23. Nf4 Bh6 24. Nxe6 Bxd2 25. Nxc7 Kxc7 26. Rxd2 f4 27.
Ne2 g5 28. c4 b5 29. cxb5 axb5 30. Nc3 Bc6 31. Nd5+ Bxd5 32. Rxd5 Kb6 33. Rd6+
Ka5 34. e6 b4 35. b3 Rg6 36. e7 Rxf6 37. Rxf6 Rxe7 38. Kf1 Kb5 39. Rd6 g4 40.
Rg6 Ra7 41. Rxg4 Rxa2 42. Rxf4 Rb2 43. Rf3 c4 44. Rf5+ Kc6 45. bxc4 Rc2 46. Rb5
Rxc4 47. Rb8 1/2-1/2

[Event "Wijk aan Zee I"]
[Site "Wijk aan Zee I"]
[Date "1994.??.??"]
[Round "6"]
[White "Tiviakov, Sergey"]
[Black "Van Wely, Loek"]
[Result "1-0"]
[WhiteElo "2630"]
[BlackElo "2570"]
[PlyCount "91"]

1. e4 c5 2. Nf3 d6 3. d4 cxd4 4. Nxd4 Nf6 5. Nc3 a6 6. Be3 e6 7. f3 Nc6 8. Qd2
Be7 9. g4 O-O 10. O-O-O Nxd4 11. Bxd4 b5 12. g5 Nd7 13. h4 Rb8 14. Kb1 b4 15.
Ne2 Qc7 16. h5 Ne5 17. f4 Nc4 18. Qd3 e5 19. Nc1 Bg4 20. Qxc4 Qxc4 21. Bxc4
Bxd1 22. Rxd1 exd4 23. Nb3 g6 24. Nxd4 a5 25. hxg6 hxg6 26. f5 Rfc8 27. Bd5
Bxg5 28. fxg6 Kg7 29. gxf7 Kf6 30. Rf1+ Ke7 31. Nc6+ Rxc6 32. Bxc6 Bf6 33. Be8
Bg7 34. Rf5 Ra8 35. Rb5 Be5 36. Kc1 Ra7 37. b3 Bf4+ 38. Kd1 Be5 39. Kd2 Bf4+
40. Ke2 Be5 41. Kd3 Bg7 42. Rg5 Kf8 43. Rg6 Ra6 44. e5 a4 45. e6 Ra7 46. Bd7
1-0

[Event "Wijk aan Zee I"]
[Site "Wijk aan Zee I"]
[Date "1994.??.??"]
[Round "7"]
[White "Leko, Peter"]
[Black "Piket, Jeroen"]
[Result "1/2-1/2"]
[WhiteElo "2545"]
[BlackElo "2605"]
[PlyCount "75"]

1. e4 c5 2. Nf3 d6 3. d4 cxd4 4. Nxd4 Nf6 5. Nc3 Nc6 6. Bg5 e6 7. Qd2 Be7 8.
O-O-O O-O 9. f4 h6 10. Bh4 e5 11. Nf5 Bxf5 12. exf5 Qa5 13. Bc4 Qb4 14. Bb3
Qxf4 15. Qxf4 exf4 16. Rhf1 Nh5 17. Bxe7 Nxe7 18. Nd5 Nxd5 19. Bxd5 Rad8 20.
Bxb7 g5 21. Rf3 Rfe8 22. Rfd3 Ng7 23. Rxd6 Rxd6 24. Rxd6 Nxf5 25. Rd3 Re1+ 26.
Rd1 Re7 27. Bc6 Rc7 28. Bb5 Ne3 29. Rd2 f5 30. b4 Kf7 31. c4 Ke6 32. c5 Ke5 33.
Kb2 Rb7 34. a4 Rxb5 35. axb5 Nc4+ 36. Kc3 Nxd2 37. Kxd2 g4 38. Ke2 1/2-1/2

[Event "Wijk aan Zee I"]
[Site "Wijk aan Zee I"]
[Date "1994.??.??"]
[Round "7"]
[White "Van Wely, Loek"]
[Black "Hansen, Curt"]
[Result "1-0"]
[WhiteElo "2570"]
[BlackElo "2580"]
[PlyCount "89"]

1. d4 e6 2. c4 f5 3. g3 Nf6 4. Bg2 Bb4+ 5. Nd2 O-O 6. Ngf3 b6 7. a3 Be7 8. Ne5
c6 9. O-O Qe8 10. b4 Bb7 11. c5 Na6 12. Ndc4 Nc7 13. cxb6 axb6 14. Nxb6 Ra7 15.
Bg5 d6 16. Bxf6 Rxf6 17. Nd3 Ba6 18. a4 Rb7 19. a5 Nd5 20. Nxd5 cxd5 21. Rb1
Rf8 22. Qd2 Qd7 23. Rb2 Rfb8 24. Rfb1 Bd8 25. Nc1 Bc4 26. Bf3 Rb5 27. Ra1 Qb7
28. a6 Qa7 29. Qe3 Kf7 30. g4 Bf6 31. gxf5 exf5 32. Rd2 Rxb4 33. Qf4 Rb1 34.
Rxb1 Rxb1 35. Rc2 Qd7 36. a7 Qxa7 37. Qxf5 g6 38. Bxd5+ Kg7 39. Qc8 Qxd4 40.
Qg8+ Kh6 41. Rxc4 Qe5 42. e3 Qf5 43. Qf8+ Kh5 44. Qxd6 Bb2 45. Be6 1-0

[Event "Wijk aan Zee I"]
[Site "Wijk aan Zee I"]
[Date "1994.??.??"]
[Round "8"]
[White "Van Wely, Loek"]
[Black "Van der Wiel, John"]
[Result "1-0"]
[WhiteElo "2570"]
[BlackElo "2570"]
[PlyCount "87"]

1. Nf3 Nf6 2. c4 b6 3. Nc3 Bb7 4. d4 e6 5. a3 d5 6. Bg5 Nbd7 7. cxd5 exd5 8.
Qa4 Be7 9. Bxf6 Bxf6 10. g3 a6 11. Rd1 O-O 12. Bh3 b5 13. Qc2 Re8 14. O-O Nb6
15. e3 Bc8 16. Bxc8 Qxc8 17. Ne2 Qg4 18. Kg2 Nc4 19. b3 Nxa3 20. Qc5 Be7 21.
Qxd5 Bd6 22. Rc1 a5 23. Nf4 Bxf4 24. exf4 Qe6 25. Qxe6 Rxe6 26. Rxc7 b4 27.
Rfc1 Nb5 28. Rc8+ Re8 29. Rxe8+ Rxe8 30. Rc5 Rb8 31. d5 f6 32. Nd2 Kf8 33. Nc4
a4 34. bxa4 Nc3 35. a5 Na4 36. Rc7 b3 37. a6 b2 38. Nxb2 Rxb2 39. d6 Nb6 40.
Rb7 Ke8 41. a7 Ra2 42. Rxg7 Kd8 43. Rg8+ Kd7 44. Rb8 1-0

[Event "Wijk aan Zee I"]
[Site "Wijk aan Zee I"]
[Date "1994.??.??"]
[Round "9"]
[White "Piket, Jeroen"]
[Black "Morovic Fernandez, Ivan"]
[Result "1/2-1/2"]
[WhiteElo "2605"]
[BlackElo "2605"]
[PlyCount "56"]

1. d4 Nf6 2. c4 e6 3. Nf3 d5 4. Nc3 Be7 5. Bg5 O-O 6. e3 Nbd7 7. Qc2 c5 8. cxd5
Nxd5 9. Bxe7 Qxe7 10. Nxd5 exd5 11. Bd3 g6 12. dxc5 Nxc5 13. O-O Bg4 14. Nd4
Rfc8 15. Rfc1 Bd7 16. Qd2 Ne6 17. Be2 Qf6 18. Nf3 Bc6 19. Rc3 d4 20. exd4 Rd8
21. Rd1 Rd6 22. Bc4 Rad8 23. Qc1 Nxd4 24. Nxd4 Rxd4 25. Rxd4 Rxd4 26. Rd3 Re4
27. f3 Re8 28. Qc3 Qxc3 1/2-1/2

[Event "Wijk aan Zee I"]
[Site "Wijk aan Zee I"]
[Date "1994.??.??"]
[Round "9"]
[White "Smirin, Ilya"]
[Black "Van Wely, Loek"]
[Result "0-1"]
[WhiteElo "2615"]
[BlackElo "2570"]
[PlyCount "82"]

1. e4 c5 2. Nf3 d6 3. d4 cxd4 4. Nxd4 Nf6 5. Nc3 a6 6. Be3 e6 7. f3 Nc6 8. g4
Be7 9. Qd2 O-O 10. O-O-O Nxd4 11. Bxd4 b5 12. h4 Rb8 13. Kb1 b4 14. g5 Nd7 15.
Ne2 Qc7 16. h5 Ne5 17. Ng1 Nc4 18. Bxc4 Qxc4 19. h6 g6 20. Bf6 Bxf6 21. gxf6
Rb6 22. Nh3 Bb7 23. Qe3 Rc6 24. Rh2 a5 25. Rhd2 a4 26. Nf2 Rfc8 27. Ng4 Qb5 28.
Qd3 Qa5 29. a3 Rb6 30. Ka1 d5 31. exd5 Bxd5 32. Ne3 bxa3 33. Qxa3 Rb5 34. Rd4
Ra8 35. f4 Kh8 36. f5 gxf5 37. Rg1 Qb6 38. Rdd1 Rb8 39. Nc4 Qc7 40. Qd6 Qxc4
41. Rxd5 exd5 0-1